000 00471nam a2200181Ia 4500
005 20250508161654.0
008 008 250505s9999 xx 000 0 eng d
037 _aTextual
040 _aFEDL
_beng
_cFEDL
041 _aeng
_2eng
084 _a330, AME
_qFEDL
245 0 _aEconomic community
260 _aNew York, USA
_bAmerican Book Company
_c1971
300 _a192p
650 _aEconomics
942 _cTEXL
_h330, AME
999 _c1371471
_d1371471